Systémy pre riadenie skladu: nielen evidovať, ale najmä riadiť
Riadenie skladových procesov informačným systémom - WMS - Warehouse management system. Využívanie databázy ERP systému. Ako prebieha samotné riadenie skladu. Efektívnosť a zníženie chybovosti všetkých operácií. Automatická identifikácia tovarov a materiálu.
Salvato in:
| Autore principale: | |
|---|---|
| Natura: | Capitolo di libro |
| Lingua: | slovacco |
| Soggetti: | |
| Tags: |
Nessun Tag, puoi essere il primo ad aggiungerne!!
|
MARC
| LEADER | 00000naa a2200000 4500 | ||
|---|---|---|---|
| 001 | 0117788 | ||
| 005 | 20231011072421.0 | ||
| 041 | 0 | |a slo | |
| 044 | |a CZ | ||
| 245 | 1 | 0 | |a Systémy pre riadenie skladu: nielen evidovať, ale najmä riadiť |c Jaroslav Smíšek |
| 520 | |a Riadenie skladových procesov informačným systémom - WMS - Warehouse management system. Využívanie databázy ERP systému. Ako prebieha samotné riadenie skladu. Efektívnosť a zníženie chybovosti všetkých operácií. Automatická identifikácia tovarov a materiálu. | ||
| 610 | 2 | 0 | |a systémy informačné |
| 610 | 2 | 0 | |a technológie informačné |
| 610 | 2 | 0 | |a technológie komunikačné |
| 610 | 2 | 0 | |a skladovanie |
| 610 | 2 | 0 | |a sklady |
| 610 | 2 | 0 | |a riadenie |
| 610 | 2 | 0 | |a identifikácia automatická |
| 610 | 2 | 0 | |a tok tovaru |
| 610 | 2 | 0 | |a tok materiálu |
| 100 | 1 | |a Smíšek, Jaroslav | |